Fr. Conceicao Rodrigues College of Engineering

cellular Manufacturing:One piece flow for work teams (Record no. 22024)

MARC details
000 -LEADER
fixed length control field 00329nam a2200133Ia 4500
082 ## - DEWEY DECIMAL CLASSIFICATION NUMBER
Classification number 658
Item number PDT
100 ## - MAIN ENTRY--PERSONAL NAME
Personal name Productivity Development Team
245 ## - TITLE STATEMENT
Title cellular Manufacturing:One piece flow for work teams
260 ## - PUBLICATION, DISTRIBUTION, ETC.
Name of publisher, distributor, etc. Production Pres Inc
Date of publication, distribution, etc. 1999
300 ## - PHYSICAL DESCRIPTION
Extent 69
546 ## - LANGUAGE NOTE
Language note ENGLISH
-- Info.Tech
942 ## - ADDED ENTRY ELEMENTS (KOHA)
Koha item type BOOK
Holdings
Withdrawn status Lost status Damaged status Not for loan Collection Home library Current library Date acquired Source of acquisition Inventory number Total Checkouts Full call number Barcode Date last seen Price effective from Koha item type
        CRC Fr. Agnel's C.Rodrigues College of Engineering Fr. Agnel's C.Rodrigues College of Engineering 17/03/2023 Book Service Syndicate 58 dt 11.06.2014   658 PDT 23232 17/03/2023   BOOK